000 00282nam a22001097a 4500
008 160512b xxu||||| |||| 00| 0 eng d
020 _a9995676893
041 _aeng
080 _a612.39
245 _aDrejtimi i cilesise ne industrine agroushqimore:
_cRenata Kongoli;
942 _2udc
_cBK
999 _c2082
_d2082